| 000 | 01553cad a22002535a 4500 | ||
|---|---|---|---|
| 001 | E149139 | ||
| 008 | 100115e20100108xxkb f s000 0 eng d | ||
| 035 | _a(Sirsi) u149139 | ||
| 041 | 0 | _aeng | |
| 050 | 0 | 4 | _a630.0269411 $2 18 |
| 100 | 1 | _aEdwards, Tom | |
| 245 | 0 | 0 |
_aCrofting Reform (Scotland) Bill _h[electronic resource] |
| 260 |
_aEdinburgh _bScottish Parliament _c2010 |
||
| 490 | 0 |
_aSPICe Briefing _v(10/01) 8 January 2010 |
|
| 505 | 2 | _aExecutive summary -- Introduction -- Timeline of crofting law -- Current crofting law -- The Crofters Commission and Scottish Land Court -- The Crofting Reform Etc. Act 2007 -- Parliamentary debate on the Crofting Reform Etc. Bill -- The Committee of Enquiry on Crofting -- The Scottish Government's response -- The Draft Crofting Reform (Scotland) Bill -- The Crofting Reform (Scotland) Bill -- Sources -- Related Briefings | |
| 520 | _aGives an introduction to the Crofting Reform (Scotland) Bill which was introduced to Parliament on 9 December 2009 and which contains provisions relating to the Crofters Commission, the maintainance of a Crofting Register and absentee crofters and neglect of crofts. For the Bill itself, see (E148980). | ||
| 521 | _aAdvanced | ||
| 590 | _aKA | ||
| 650 | 2 | 4 | _aCROFTING REFORM (SCOTLAND) BILL |
| 651 | 4 |
_aScotland _y1999- |
|
| 690 | _aENVIRONMENTAL AND LAND CONSULTANCY-AGRIBUSINESS-AGRICULTURE | ||
| 856 | 4 | 0 |
_uhttps://www.scottish.parliament.uk/business/research/date/index.htm _zView the briefing free of charge at www.scottish.parliament.uk... |
| 942 | _n0 | ||
| 999 |
_c110381 _d110381 |
||